| 000 | 00358 a2200109 4500 | ||
|---|---|---|---|
| 001 | ART_2816 | ||
| 005 | 20260410161710.0 | ||
| 008 | 260409a | ||
| 245 | 1 | 0 | _aNotas para un modelo de industrialización con dependencia externa |
| 100 | 1 | _aVillanueva, Javier | |
| 773 | 0 |
_tDesarrollo económico _g- Vol. 4, Nº 13 (abr./jun. 1964) _wREV1174 |
|
| 999 |
_c15997 _d15997 |
||